| Tag |
First Indicator |
Second Indicator |
Subfields |
| LEADER |
00000nam a2200000 4500 |
| 001 |
in00004191421 |
| 005 |
20200806081223.0 |
| 006 |
m g d |
| 007 |
cr bn |||a|bb| |
| 008 |
951107s1695 enk o 00 eng d |
| 035 |
|
|
|a (UnM)99885078
|
| 037 |
|
|
|a CL2105000001
|b ProQuest Information and Learning. 300 N. Zeeb Rd., Ann Arbor, MI 48106
|
| 037 |
|
|
|a CL2105000002
|b ProQuest Information and Learning. 300 N. Zeeb Rd., Ann Arbor, MI 48106
|
| 040 |
|
|
|a Cu-RivES
|c Cu-RivES
|d CStRLIN
|d Cu-RivES
|e dcrb
|
| 245 |
0 |
0 |
|a Reasons humbly offered against passing the bill, for exempting apothecaries from serving the offices of constable, scavenger, and other parish and ward-offices..
|
| 246 |
1 |
|
|i Docket title:
|a Reasons against the Apothecaries bill
|
| 260 |
|
|
|a [London? :
|b publisher not identified,
|c 1695]
|
| 300 |
|
|
|a 1 online resource (1 sheet ([1] pages).
|
| 336 |
|
|
|a text
|b txt
|2 rdacontent
|
| 337 |
|
|
|a computer
|b c
|2 rdamedia
|
| 338 |
|
|
|a online resource
|b cr
|2 rdacarrier
|
| 500 |
|
|
|a Imprint from Wing.
|
| 500 |
|
|
|a Reproduction of original in the British Library.
|
| 510 |
4 |
|
|a Wing (CD-ROM, 1996)
|c R523G.
|
| 510 |
4 |
|
|a Early English books tract supplement interim guide
|c 816.m.12[25].
|
| 510 |
4 |
|
|a Early English books tract supplement interim guide
|c 777.l.1.[14].
|
| 533 |
|
|
|a Electronic reproduction.
|b Ann Arbor, Mich. :
|c UMI,
|d 1999-
|f (Early English books online)
|n Digital version of: (Early English books; Tract supplement ; C19:1[25], E7:1[11])
|7 s1999 miun s
|
| 650 |
|
0 |
|a Pharmacists
|v Early works to 1800.
|
| 650 |
|
0 |
|a Parishes (Local government)
|z England
|v Early works to 1800.
|
| 655 |
|
7 |
|a Broadsides
|z England
|z London
|y 17th century.
|2 rbgenr
|
| 651 |
|
0 |
|a London (England)
|x History
|y 17th century
|v Early works to 1800.
|
| 830 |
|
0 |
|a Early English books online.
|
| 856 |
4 |
0 |
|u http://proxy.library.tamu.edu/login?url=https://search.proquest.com/docview/2248522056
|z Connect to the full text of this electronic book
|t 0
|
| 856 |
4 |
0 |
|u http://proxy.library.tamu.edu/login?url=https://search.proquest.com/docview/2248519818
|z Connect to the full text of this electronic book
|t 0
|
| 999 |
f |
f |
|s 35ded09c-29cb-36fe-97c2-47dfd820bf8b
|i 6b3530b4-2db3-344d-8c49-0a41c2227265
|t 0
|
| 952 |
f |
f |
|a Texas A&M University
|b College Station
|c Electronic Resources
|d Available Online
|t 0
|h No information provided
|
| 998 |
f |
f |
|t 0
|l Available Online
|